LEADER 00873nam a22002531i 4500 001 991004332235707536 005 20240705190255.0 008 280323s1886 it er 001|0cita d 040 $aBibl. Interfacoltà T. Pellegrino$bita 041 0 $aita 082 04$a927$223 082 04$a709.45$223 100 1 $aVasari, Giorgio$d<1511-1574>$037469 245 13$aLe vite de' più eccellenti pittori, scultori e architetti /$cdi Giorgio Vasari ; scelte e annotate da Gaetano Milanesi 250 $a2. ed. 260 $aFirenze :$bBarbera,$c1886 300 $aVII, 265 p. ;$c19 cm 490 1 $aNuova collezione scolastica 650 4$aArtisti italiani$xBiografie$ySec. 16. 700 1 $aMilanesi, Gaetano 830 0$aNuova collezione scolastica 912 $a991004332235707536 996 $aVite de' più eccellenti pittori, scultori e architetti$9154300 997 $aUNISALENTO